|
|
|
|
| LEADER |
01023nam a22002297a 4500 |
| 001 |
40507 |
| 003 |
BD-DhAAL |
| 008 |
230227t2014 ii ||||| |||| 00| 0 ben d |
| 040 |
|
|
|a BD-DhAAL
|c BD-DhAAL
|
| 041 |
|
|
|a ben
|
| 082 |
|
|
|a 891.4414
|2 23
|
| 100 |
|
|
|a গঙ্গোপাধ্যায়, নারায়ণ
|9 21753
|
| 245 |
|
|
|a কথাকোবিদ রবীন্দ্রনাথ /
|c নারায়ণ গঙ্গোপাধ্যায়.
|
| 260 |
|
|
|a কলকাতা :
|b প্রকাশ ভবন,
|c ২০১৪.
|
| 300 |
|
|
|a ১২৮ পৃষ্ঠা ;
|c ২২ সে.মি.
|
| 541 |
|
|
|a Donated By Akbar Ali Khan
|e 40507
|
| 600 |
|
|
|a Tagore, Rabindranath,
|d 1861-1941.
|
| 650 |
|
|
|a Bengali fiction.
|
| 852 |
|
|
|a Ayesha Abed Library
|c Akbar Ali Khan Collection
|
| 942 |
|
|
|2 ddc
|c BK
|
| 999 |
|
|
|c 45536
|d 45536
|
| 952 |
|
|
|0 0
|1 0
|2 ddc
|4 0
|6 891_441400000000000_GAN
|7 1
|9 73298
|a BRACUL
|b BRACUL
|c AAKC
|d 2023-02-27
|e Donated By Akbar Ali Khan
|g 70.00
|l 0
|o 891.4414 GAN
|p 3010040507
|r 2023-02-27
|t 1
|w 2023-02-27
|y BK
|